[Event "Tri-State M (ID, WY, MT)"]
[Site "Jackson, WY"]
[Date "2004.10.23"]
[Round "1.2"]
[White "Sutton, Stewart Quinn"]
[Black "Smith, Andrew M"]
[Result "0-1"]
[WhiteElo "1967"]
[BlackElo "2010"]

1. d4 Nf6 2. Nf3 e6 3. Bg5 Be7 4. Nbd2 d5 5. e3 O-O 6. Bd3 h6 7. Bh4 b6 8. Qe2
c5 9. c3 Bb7 10. Ne5 Nbd7 11. Bxf6 Nxf6 12. O-O a6 13. f4 Ne4 14. Rf3 f5 15.
Rh3 Qe8 16. Kh1 b5 17. Rg1 b4 18. cxb4 cxd4 19. exd4 Bxb4 20. Ndf3 Rf6 21. a3
Bd6 22. Bb1 a5 23. Bd3 a4 24. Rf1 Qc8 25. Kg1 Ba6 26. Rb1 Bxd3 27. Qxd3 Qa6
28. Ne1 Rff8 29. Rc1 Qxd3 30. Rxd3 Rab8 31. Rc2 Rfc8 32. Rxc8+ Rxc8 33. Rd1 g5
34. g3 Bxe5 35. fxe5 Rc4 36. Kf1 Kg7 37. Ke2 Kg6 38. Ke3 Kh5 39. Kf3 Kg6 40.
Ke3 h5 41. Kf3 h4 42. gxh4 g4+ 43. Ke3 Kh5 44. Rd3 Kxh4 45. Kf4 Nf2 46. Ng2+
Kh5 47. Kg3 Nxd3 {#R} 0-1

[Event "Tri-State M (ID, WY, MT)"]
[Site "Jackson, WY"]
[Date "2004.10.23"]
[Round "2.2"]
[White "Smith, Andrew M"]
[Black "Sutton, Stewart Quinn"]
[Result "1-0"]
[WhiteElo "2010"]
[BlackElo "1967"]

1. e4 d5 2. exd5 Qxd5 3. Nc3 Qa5 4. d4 c6 5. Bc4 Bf5 6. Nf3 Nf6 7. O-O e6 8.
Qe2 Bd6 9. Ne5 Nbd7 10. f4 O-O 11. Be3 Rad8 12. a3 Qc7 13. b4 Nb6 14. Bb3 Nbd5
15. Nxd5 cxd5 16. c4 Be4 17. c5 Be7 18. b5 Nd7 19. Nxd7 Qxd7 20. a4 Rc8 21. a5
f5 22. Ba4 Qd8 23. b6 axb6 24. axb6 Rf6 25. Bb5 Rf8 26. Ra7 Rb8 27. Rfa1 Bf6
28. Qd2 h6 29. Qa5 g5 30. Qd2 Kh8 31. R1a2 Ra8 32. Bf1 Qc8 33. Qb4 Qd8 34. Qa4
Qc8 35. Bb5 {#r} 1-0

[Event "Tri-State M (ID, WY, MT)"]
[Site "Jackson, WY"]
[Date "2004.10.24"]
[Round "3.2"]
[White "Sutton, Stewart Quinn"]
[Black "Smith, Andrew M"]
[Result "1/2-1/2"]
[WhiteElo "1967"]
[BlackElo "2010"]

1. d4 Nf6 2. Nf3 e6 3. Bg5 h6 4. Bxf6 Qxf6 5. e4 d6 6. Bd3 Nd7 7. O-O a6 8.
Re1 Qd8 9. Nbd2 c5 10. c3 g6 11. d5 e5 12. a4 Bg7 13. Nc4 Qe7 14. Qb3 O-O 15.
Ne3 Nf6 16. Qb6 Qd8 17. Qb3 Nh5 18. Qc2 Nf4 19. Bf1 f5 20. Nd2 Nh5 21. Be2 Nf4
22. Bf1 Nh5 23. Be2 Nf4 24. Bf1 {#d} 1/2-1/2

[Event "TC Hartwell Memorial"]
[Site "Twin Falls, ID"]
[Date "2006.05.27"]
[Round "1.3"]
[White "Bartell, Fred"]
[Black "Mabry, William B"]
[Result "1-0"]
[WhiteElo "1853"]
[BlackElo "1319"]

1. e4 e6 2. d4 d5 3. exd5 exd5 4. Nc3 Nf6 5. Nf3 Bb4 6. Bd2 Ne4 7. Nxe4 dxe4
8. Bxb4 exf3 9. Qxf3 Qxd4 10. Bc3 Qc5 11. Bxg7 Rg8 12. Bc3 Nc6 13. Bd3 Bg4 14.
Qe4+ Be6 15. Bf6 Qb4+ 16. Kf1 Qxe4 17. Bxe4 Bc4+ 18. Ke1 Rg4 19. Bf3 Rf4 20.
Bg5 Rf5 21. Be3 Rd8 22. b3 Bd5 23. Bxd5 Rfxd5 24. a3 Re5 25. Rd1 Nd4 26. Rd2
Nf5 27. Rxd8+ Kxd8 28. Kd2 Kd7 29. Re1 Nh4 30. Rg1 f5 31. Kc3 c5 32. b4 cxb4+
33. axb4 a5 34. g3 axb4+ 35. Kxb4 Re4+ 36. Kb5 Nf3 37. Rd1+ Kc8 38. Rd5 Re5
39. Rxe5 Nxe5 40. h3 h5 41. Bf4 Nf3 42. Kc5 Ne1 43. c4 Nd3+ 44. Kd4 Nxf2 45.
h4 Ng4 46. c5 Kd7 47. Kd5 Nh6 {#r} 1-0

[Event "TC Hartwell Memorial"]
[Site "Twin Falls, ID"]
[Date "2006.05.27"]
[Round "1.4"]
[White "Taylor, Susan M"]
[Black "Buckendorf Jr., Glen"]
[Result "0-1"]
[WhiteElo "1113"]
[BlackElo "1800"]

1. e4 c5 2. Nf3 d6 3. d4 cxd4 4. Nxd4 Nf6 5. Nc3 a6 6. Be2 e6 7. Be3 Qc7 8.
O-O Be7 9. Qd2 O-O 10. a3 Nbd7 11. b4 b5 12. f3 Bb7 13. a4 Rac8 14. axb5 Qxc3
15. Qxc3 Rxc3 16. Bd2 Rc7 17. bxa6 Ba8 18. c4 d5 19. Bf4 Rcc8 20. e5 Nh5 21.
g3 Nxf4 22. gxf4 Bxb4 23. f5 Nxe5 24. fxe6 Bc5 25. Rfd1 Nc6 26. cxd5 Nxd4 27.
Kf1 Nxe2 28. Kxe2 fxe6 29. d6 Bxf3+ 30. Kd2 Bxd1 31. Kxd1 Rf1+ {#R} 0-1

[Event "TC Hartwell Memorial"]
[Site "Twin Falls, ID"]
[Date "2006.05.28"]
[Round "4.2"]
[White "Taylor, Daniel A"]
[Black "Mabry, William B"]
[Result "1-0"]
[WhiteElo "1915"]
[BlackElo "1319"]

1. e4 e6 2. d4 d5 3. e5 c5 4. c3 Nc6 5. Nf3 Nge7 6. a3 cxd4 7. cxd4 a6 8. b4
b5 9. Nbd2 Ng6 10. Nb3 Be7 11. Be3 f6 12. Bd3 f5 13. Qc2 Nh4 14. Nxh4 Bxh4 15.
Qxc6+ Bd7 16. Qc2 O-O 17. O-O h5 18. Nc5 Rc8 19. Qe2 g6 20. Bf4 Rc6 21. Rac1
Rf7 22. Nxd7 Qxd7 23. Rxc6 Qxc6 24. Rc1 Qb6 25. Rc5 Be7 26. Rc8+ Kh7 27. Be3
f4 28. Qxh5+ {#r} 1-0

[Event "Idaho Open"]
[Site "Twin Falls, ID"]
[Date "2006.08.26"]
[Round "1.3"]
[White "Vander Sys, Sean R"]
[Black "Flynn, Patrick M"]
[Result "0-1"]
[WhiteElo "1548"]
[BlackElo "1836"]

1. d4 Nf6 2. c4 e6 3. Nf3 Bb4+ 4. Bd2 Qe7 5. a3 Bxd2+ 6. Nbxd2 d5 7. Qc2 O-O
8. Rc1 c6 9. e3 Nbd7 10. Bd3 e5 11. dxe5 Nxe5 12. Nxe5 Qxe5 13. Nf3 Qh5 14.
O-O dxc4 15. Qxc4 Be6 16. Qb4 Bd5 17. e4 a5 18. Qd4 Be6 19. Rc5 Rfd8 20. Rxh5
Rxd4 21. Nxd4 Nxh5 22. Nxe6 fxe6 23. Bc4 Kf7 24. Rd1 Ke7 25. e5 Nf4 26. Rd4
Nd5 27. g3 b5 28. Bd3 h6 29. Kg2 Kf7 30. Kh3 c5 31. Re4 c4 32. Bc2 Rc8 33. a4
b4 34. b3 cxb3 35. Bxb3 Rc3 36. Bxd5 exd5 37. Rd4 Ke6 38. f4 Ra3 39. Kg4 Rxa4
40. Rd2 b3 41. Rb2 Rb4 42. Kf3 a4 43. Ke3 a3 44. Rb1 b2 45. Kd2 a2 46. Kc2
{#R} 0-1

[Event "Idaho Open"]
[Site "Twin Falls, ID"]
[Date "2006.08.26"]
[Round "1.5"]
[White "Daw, Aron"]
[Black "Buckendorf Jr., Glen"]
[Result "0-1"]
[WhiteElo "667"]
[BlackElo "1800"]

1. e4 c5 2. Nf3 d6 3. Nc3 Nf6 4. Bc4 a6 5. d3 b5 6. Bb3 Bg4 7. Bg5 Nbd7 8. h3
Bh5 9. Qe2 e6 10. Qe3 Be7 11. e5 dxe5 12. Nxe5 Rc8 13. a4 b4 14. Ne2 O-O 15.
g4 Bg6 16. h4 Nxe5 17. Qxe5 Nxg4 18. Bxe7 Nxe5 19. Bxd8 Nf3+ 20. Kd1 Rfxd8 21.
Rh3 Bh5 22. Nf4 Ng5+ 23. Nxh5 Nxh3 24. Kd2 Nxf2 25. Rf1 Ne4+ 26. Ke3 Nd6 27.
c3 Nf5+ 28. Kd2 c4 29. Bc2 bxc3+ 30. bxc3 cxd3 31. Bxd3 Nxh4 32. Rh1 Ng6 33.
Rh3 Ne5 34. Kc2 Nxd3 35. Rxd3 Rxd3 36. Kxd3 Rc5 37. Ng3 f5 38. Ne2 Kf7 39. Nd4
Kf6 40. Ne2 Ra5 41. Ke3 Rxa4 42. Kf3 g5 43. Kg3 Re4 44. Ng1 Re3+ 45. Kf2 Rxc3
46. Ke2 a5 47. Nf3 Rxf3 48. Kxf3 Ke5 49. Kg3 h5 50. Kh3 Kf4 51. Kg2 a4 52. Kh3
a3 53. Kg2 a2 54. Kh3 a1=Q 55. Kg2 Qb2+ 56. Kh3 g4+ 57. Kh4 Qh2# 0-1

[Event "Idaho Open"]
[Site "Twin Falls, ID"]
[Date "2006.08.26"]
[Round "2.5"]
[White "Zumbrunnen, Randy D"]
[Black "Pocol, Daniel"]
[Result "1/2-1/2"]
[WhiteElo "2000"]
[BlackElo "1615"]

1. e4 b6 2. d4 Bb7 3. Bd3 Nf6 4. Nd2 e6 5. Qe2 c5 6. c3 d5 7. e5 Nfd7 8. f4
cxd4 9. cxd4 Nc6 10. Ngf3 g6 11. a3 a6 12. O-O Bg7 13. Nb3 b5 14. Bd2 Qb6 15.
Rac1 Rc8 16. Kh1 O-O 17. Nc5 Nxc5 18. dxc5 Qc7 19. b4 Ra8 20. Rce1 Rfe8 21.
Qf2 Qe7 22. g4 f5 23. gxf5 gxf5 24. h3 Kh8 25. Rg1 Rg8 26. Ng5 Bh6 27. Qh4
Bxg5 28. fxg5 Rg6 29. Qf4 Rag8 30. h4 h6 31. gxh6 Qc7 32. Rg5 Kh7 33. Bc2 Ne7
34. Qg3 Rxg5 35. hxg5 Ng6 36. Kh2 Bc6 37. Kh3 Rd8 38. Bb3 Be8 39. Qc3 Qf7 40.
Bd1 Qc7 41. Qg3 Qf7 42. Bc3 Bc6 43. Bd4 Rf8 44. Rf1 Qe7 45. Bc2 {#d} 1/2-1/2

[Event "Idaho Open"]
[Site "Twin Falls, ID"]
[Date "2006.08.26"]
[Round "3.1"]
[White "Flynn, Patrick M"]
[Black "Vander Sys, Michael P"]
[Result "1-0"]
[WhiteElo "1836"]
[BlackElo "1584"]

1. e4 c6 2. d4 d5 3. exd5 cxd5 4. c3 Nf6 5. Bd3 Nc6 6. Bf4 e6 7. Nf3 Bd6 8.
Bxd6 Qxd6 9. O-O O-O 10. Nbd2 e5 11. dxe5 Nxe5 12. Nxe5 Qxe5 13. Re1 Qd6 14.
Nf3 Bg4 15. h3 Bh5 16. c4 Rfe8 17. g4 Bg6 18. Bxg6 fxg6 19. cxd5 Rxe1+ 20.
Nxe1 Re8 21. Ng2 Qxd5 22. Qxd5+ Nxd5 23. Rd1 Nb6 24. Ne3 Kf7 25. Kg2 Re7 26.
Rd4 Rd7 27. Rb4 Ke6 28. Kf3 Rf7+ 29. Ke2 Rd7 30. f4 Kf6 31. a4 Nc8 32. Nc4 g5
33. f5 Ne7 34. Ne3 Nc6 35. Rc4 Rd4 36. Rxd4 Nxd4+ 37. Kd3 Nf3 38. Nd1 Ke5 39.
Ke3 Nd4 40. Nf2 a5 41. Kd3 Nb3 42. Kc4 Nd2+ 43. Kb5 b6 44. Kxb6 Nc4+ 45. Kb5
Nxb2 46. Kxa5 Nxa4 47. Kxa4 Kf4 48. Kb3 Kg3 49. Ne4+ Kf4 50. Nd2 Kg3 51. Nc4
Kxh3 52. Ne3 Kg3 53. Kc3 Kf4 54. Kd4 h6 55. Kd3 {(The rest of the moves were
not recorded by either side. Black was in extreme time pressure, eventually
losing on time.)} {#r} 1-0

[Event "Idaho Open"]
[Site "Twin Falls, ID"]
[Date "2006.08.27"]
[Round "4.1"]
[White "Campbell, Matthew"]
[Black "Flynn, Patrick M"]
[Result "0-1"]
[WhiteElo "2030"]
[BlackElo "1836"]

1. e4 c5 2. Nf3 Nc6 3. d3 g6 4. g3 Bg7 5. Bg2 e6 6. O-O Nge7 7. Nbd2 d5 8.
exd5 exd5 9. d4 cxd4 10. Nb3 O-O 11. Nfxd4 Nxd4 12. Nxd4 Nc6 13. Be3 Re8 14.
Qd2 Be6 15. Rad1 Qd7 16. Nxe6 fxe6 17. c3 Qf7 18. Bh6 Bxh6 19. Qxh6 Ne5 20.
Qe3 Nc4 21. Qe2 Rad8 22. h4 Nb6 23. Rd3 e5 24. Rfd1 e4 25. Rd4 Qc7 26. h5 Rd7
27. a4 a5 28. hxg6 hxg6 29. f4 Qc6 30. Qb5 Qxb5 31. axb5 Rde7 32. Re1 Kf7 33.
Bf1 Kf6 34. b3 Rd7 35. c4 dxc4 36. Rxd7 Nxd7 37. bxc4 Nc5 38. Rd1 a4 39. Kf2
Nb3 40. c5 Nxc5 41. Rd6+ Re6 42. Rd5 e3+ 43. Kf3 Nb3 44. Rd3 e2 45. Bxe2 Nc1
46. Rd2 Rxe2 {#R} 0-1

[Event "Idaho Open"]
[Site "Twin Falls, ID"]
[Date "2006.08.27"]
[Round "4.5"]
[White "Vander Sys, Sean R"]
[Black "Zumbrunnen, Randy D"]
[Result "0-1"]
[WhiteElo "1548"]
[BlackElo "2000"]

1. e4 c5 2. Nf3 Nc6 3. d4 cxd4 4. Nxd4 Nf6 5. Nc3 e5 6. Ndb5 d6 7. Bg5 a6 8.
Na3 b5 9. Nd5 Be7 10. Bxf6 Bxf6 11. Nxf6+ Qxf6 12. c3 Bb7 13. Nc2 Ne7 14. f3
d5 15. exd5 Nxd5 16. c4 bxc4 17. Be2 Rd8 18. Na3 Ne3 19. Qa4+ Bc6 20. Qxa6
Nxg2+ 21. Kf2 Nf4 22. Rad1 Nxe2 23. Rxd8+ Kxd8 24. Qb6+ Kd7 25. Nb5 Qxf3+ 26.
Ke1 Qxh1+ 27. Kxe2 Bf3+ 28. Kd2 Qd1+ 29. Kc3 Qc1+ 30. Kb4 Qxb2+ {#R} 0-1

[Event "Idaho Open"]
[Site "Twin Falls, ID"]
[Date "2006.08.27"]
[Round "5.4"]
[White "Buckendorf Jr., Glen"]
[Black "Vander Sys, Michael P"]
[Result "1/2-1/2"]
[WhiteElo "1800"]
[BlackElo "1584"]

1. e4 e5 2. Nf3 Nc6 3. Bb5 a6 4. Ba4 Nf6 5. d3 d6 6. c3 Be7 7. h3 O-O 8. Be3
b5 9. Bc2 Be6 10. Nbd2 Ne8 11. g4 d5 12. d4 Bd6 13. Qe2 exd4 14. Nxd4 Nxd4 15.
Bxd4 c5 16. Be3 Rb8 17. exd5 Bxd5 18. Bxh7+ Kxh7 19. Qd3+ g6 20. Qxd5 Nf6 21.
Qg5 Re8 22. Qh6+ Kg8 23. O-O-O Bf8 24. Qh4 Qb6 25. Nb3 Rbc8 26. Rhe1 Ne4 27.
f3 Be7 28. Qh6 Rc6 29. Qf4 Bd6 30. Qh6 Bf8 31. Qf4 Bd6 32. Qh6 {#d} 1/2-1/2

[Event "WIO (Reserve)"]
[Site "Boise, ID"]
[Date "2006.12.09"]
[Round "1.4"]
[White "Daptardar, Soham Virendra"]
[Black "Abderhalden, Richard Robert"]
[Result "1-0"]
[WhiteElo "2500"]
[BlackElo "903"]

1. e4 e5 2. Nf3 Nc6 3. Bc4 Nf6 4. d4 d6 5. dxe5 dxe5 6. Qxd8+ Kxd8 7. Nc3 Be6
8. Bxe6 fxe6 9. Bg5 Kd7 10. O-O-O+ Bd6 11. Rd2 Rad8 12. Rhd1 Ke7 13. Nb5 Rd7
14. c4 a6 15. Nxd6 Rxd6 16. Rxd6 cxd6 17. Kc2 h6 18. Bxf6+ gxf6 19. Kc3 f5 20.
Nd2 Nd4 21. Nf3 Nxf3 22. gxf3 f4 23. Rg1 Kf6 24. h4 Rd8 25. h5 d5 26. Rg6+ Kf7
27. Rxh6 Rg8 28. Rh7+ Rg7 29. Rxg7+ Kxg7 30. cxd5 exd5 31. exd5 Kh6 32. d6
Kxh5 33. Kd3 Kh4 34. d7 Kh3 35. d8=Q Kg2 36. Ke2 e4 37. fxe4 f3+ 38. Ke3 b5
39. Qf6 a5 40. Qxf3+ Kf1 41. Qh1# 1-0

[Event "WIO (Reserve)"]
[Site "Boise, ID"]
[Date "2006.12.09"]
[Round "1.6"]
[White "Patterson, Emily N"]
[Black "Barry, Sean A"]
[Result "0-1"]
[WhiteElo "2500"]
[BlackElo "824"]

1. e4 e5 2. Nf3 Nc6 3. Bc4 Nf6 4. Ng5 d5 5. exd5 Nxd5 6. Bxd5 Qxd5 7. Nc3 Qd8
8. d3 Bf5 9. O-O Be7 10. Nge4 O-O 11. Be3 Nd4 12. Ng3 Qd7 13. Nxf5 Qxf5 14.
Nd5 Bd6 15. c3 Ne6 16. d4 exd4 17. cxd4 Qxd5 18. f3 Qh5 19. g3 Rae8 20. d5 Ng5
21. Bxg5 Qxg5 22. Re1 Rxe1+ 23. Qxe1 Qxd5 24. Qf1 Qc5+ 25. Kh1 h6 26. Rc1 Qb6
27. Qh3 Qxb2 28. Re1 Qxa2 29. Re4 b5 30. Rg4 Re8 31. Qf1 a5 32. Rd4 Bb4 33.
Re4 Rxe4 34. fxe4 Bd6 35. Qxb5 a4 36. Qb8+ Kh7 37. Qb5 a3 38. Qd3 Bc5 39. e5+
g6 40. Qd7 Qf2 41. Qd1 a2 {#R} 0-1

[Event "WIO (Reserve)"]
[Site "Boise, ID"]
[Date "2006.12.09"]
[Round "1.8"]
[White "Darcy, Matthew J"]
[Black "Kaminski, Nathan"]
[Result "0-1"]
[WhiteElo "2500"]
[BlackElo "734"]

1. e4 e5 2. Nf3 d6 3. Nc3 Bg4 4. Bc4 Nf6 5. O-O Nc6 6. b3 Be7 7. Ba3 O-O 8.
Ne2 d5 9. exd5 Nxd5 10. Bxd5 Qxd5 11. Bxe7 Nxe7 12. Rb1 Bxf3 13. a4 Bxg2 14.
Re1 Bh1 15. f3 Qxf3 16. Rf1 Qg2# 0-1

[Event "Idaho Closed"]
[Site "Boise, ID"]
[Date "2007.02.17"]
[Round "1.1"]
[White "Parsons, Larry R"]
[Black "Harmon-Vellotti, Luke"]
[Result "1-0"]
[WhiteElo "2081"]
[BlackElo "1268"]

1. c4 e5 2. g3 Nf6 3. Bg2 Nc6 4. Nc3 Bc5 5. e3 d6 6. Nge2 Bf5 7. O-O O-O 8. e4
Bg6 9. h3 Qd7 10. Kh2 Bh5 11. d3 h6 12. g4 Bg6 13. f4 Bh7 14. Ng3 Nd4 15. g5
hxg5 16. fxg5 Ne8 17. h4 f6 18. Bh3 Qf7 19. Nd5 c6 20. Ne3 Rd8 21. h5 g6 22.
Ng4 Qc7 23. gxf6 Kh8 24. Bg5 d5 25. f7 Ng7 26. h6 Nge6 {#r} 1-0

[Event "Idaho Closed"]
[Site "Boise, ID"]
[Date "2007.02.17"]
[Round "1.3"]
[White "Morrow, Hans M"]
[Black "Harmon-Vellotti, Carl Honor"]
[Result "1-0"]
[WhiteElo "1936"]
[BlackElo "1185"]

1. d4 Nf6 2. c4 e6 3. Nc3 Bb4 4. Qc2 Nc6 5. Nf3 d5 6. Bg5 h6 7. Bxf6 Qxf6 8.
e3 Bd7 9. a3 Bxc3+ 10. Qxc3 O-O 11. Be2 Rae8 12. O-O Ne7 13. Ne5 Rd8 14. c5
Nc6 15. f4 Nxe5 16. fxe5 Qe7 17. Qa5 Bc6 18. Rf2 b6 19. cxb6 axb6 20. Qc3 Bb7
21. Raf1 c5 22. Rf4 Rc8 23. Qd2 c4 24. Bh5 g6 25. Bd1 Ba6 26. R1f3 Bb5 27. Rf6
Rc7 28. h4 h5 29. Rg3 Kh7 30. Bxh5 c3 31. bxc3 Qxa3 32. e4 dxe4 33. Bxg6+ {#r}
1-0

[Event "Idaho Closed"]
[Site "Boise, ID"]
[Date "2007.02.17"]
[Round "1.6"]
[White "Takeuchi, Danny J"]
[Black "Flynn, Patrick M"]
[Result "0-1"]
[WhiteElo "983"]
[BlackElo "1853"]

1. e4 c5 2. Nf3 Nc6 3. d4 cxd4 4. Nxd4 Nf6 5. Nc3 e5 6. Nf3 Bb4 7. Bd3 d5 8.
exd5 Nxd5 9. Bd2 Nxc3 10. bxc3 Be7 11. O-O O-O 12. Qe2 Bg4 13. Rad1 f5 14. Be3
Qa5 15. Bc4+ Kh8 16. h3 Bh5 17. Rd5 Qxc3 18. Qd3 Qxd3 19. cxd3 Bxf3 20. gxf3
f4 21. Bc5 Bxc5 22. Rxc5 Rf6 23. Bb5 Nd4 24. Rfc1 Ne2+ 25. Kf1 Nxc1 26. Rxc1
a6 27. Bc4 Rd6 28. Rc3 Rc8 29. Rb3 b5 30. Bxb5 axb5 31. Rxb5 Rxd3 32. Rxe5
Rxf3 33. Kg2 Ra3 34. Rf5 g5 35. Rxg5 Rg8 36. Rxg8+ Kxg8 37. h4 Kg7 38. f3 Kg6
39. Kh3 Rxf3+ 40. Kg4 Ra3 41. Kxf4 h5 42. Ke4 Rxa2 43. Kf3 Kf5 44. Kg3 Re2 45.
Kf3 Re4 46. Kg3 Re3+ 47. Kf2 Kf4 48. Kg2 Rf3 49. Kh2 Rg3 50. Kh1 Kf3 51. Kh2
Kf2 52. Kh1 Rh3# 0-1

[Event "Idaho Closed"]
[Site "Boise, ID"]
[Date "2007.02.17"]
[Round "1.7"]
[White "Buckendorf Jr., Glen"]
[Black "Matteson, Chris L"]
[Result "0-1"]
[WhiteElo "1800"]
[BlackElo "957"]

1. e4 e5 2. Nf3 Nc6 3. Bb5 a6 4. Ba4 Nf6 5. d3 Bc5 6. Be3 Bxe3 7. fxe3 O-O 8.
Bxc6 dxc6 9. Nxe5 Re8 10. Nf3 Bg4 11. Nbd2 Bh5 12. O-O Ng4 13. Qe1 Qf6 14. Nd4
Qd6 15. N2f3 c5 16. Nf5 Qb6 17. Qc3 Nf6 18. Rac1 Rad8 19. Ng3 Bg4 20. h3 Be6
21. b3 Qa7 22. Ng5 b5 23. e5 Nd5 24. Qd2 c4 25. d4 cxb3 26. axb3 c5 27. Kh1
cxd4 28. exd4 Nb4 29. Qxb4 Rxd4 30. Qc3 b4 31. Qe3 h6 32. Nxe6 Rxe6 33. Nf5
Rd7 34. Qxa7 Rxa7 35. Nd4 Rg6 36. Ra1 Rc7 37. Rfe1 Rd7 38. Re4 Kh7 39. Ra4 Rb6
40. Kh2 Rd5 41. Kg3 Kg6 42. Nf3 a5 43. Nh4+ Kh7 44. Nf5 Rg6+ 45. Kf3 Re6 46.
Ne3 Rc5 47. Nc4 f5 48. exf6 Rxf6+ 49. Ke3 Rg5 50. g4 Ra6 51. h4 Rc5 52. Kd4
Rb5 53. Re5 Rb7 54. Rexa5 Rg6 55. Ne5 Rf6 56. Rc5 Rb8 57. Rc4 Rd8+ 58. Ke4 Rd2
59. Raxb4 Re2+ 60. Kd5 Rd2+ 61. Nd3 Rf8 62. Rb6 h5 63. g5 Rf5+ 64. Ke4 Rf8 65.
b4 Re2+ 66. Kd5 Rd8+ 67. Kc6 Re6+ 68. Kb5 Re7 69. Nc5 Re5 70. Kc6 Rc8+ 71. Kb7
Rd8 72. Ne6 Rd7+ 73. Rc7 Rxc7+ 74. Nxc7 Re4 75. b5 Rxh4 76. Rc6 Rg4 77. Ne6 h4
78. b6 h3 79. g6+ Kh6 80. Kc7 h2 81. b7 h1=Q 82. b8=Q Qh2+ 83. Kb7 Rb4+ 84.
Rb6 Rxb6+ {#R} 0-1

[Event "Idaho Closed"]
[Site "Boise, ID"]
[Date "2007.02.17"]
[Round "2.1"]
[White "Myers, Hugh S"]
[Black "Parsons, Larry R"]
[Result "0-1"]
[WhiteElo "1679"]
[BlackElo "2081"]

1. e4 g6 2. f4 Bg7 3. Nf3 c5 4. d3 d6 5. Be2 Nc6 6. O-O Nd4 7. Nxd4 cxd4 8. g4
Bd7 9. c4 dxc3 10. bxc3 Qc7 11. Bd2 O-O-O 12. Be3 Kb8 13. Qd2 f5 14. h3 h5 15.
g5 fxe4 16. Kh2 exd3 17. Bxd3 Bf5 18. Bxf5 gxf5 19. Rc1 Qa5 20. a4 Rc8 21. Qd3
Rc6 22. Bd2 e6 23. Na3 Qxa4 24. Nb5 Qe4 25. Qxe4 fxe4 26. Nxa7 Rc5 27. Ra4 Ne7
28. Rca1 d5 29. Be3 Rxc3 30. R1a2 Rxe3 31. Nb5 Kc8 32. Nd4 Bxd4 33. Rxd4 Kc7
34. Rc2+ Nc6 35. f5 exf5 36. Rxd5 f4 37. Kg2 h4 38. Rf2 Rg3+ 39. Kh2 e3 {#R}
0-1

[Event "Idaho Closed"]
[Site "Boise, ID"]
[Date "2007.02.17"]
[Round "2.3"]
[White "Seiniger, Sam"]
[Black "Morrow, Hans M"]
[Result "0-1"]
[WhiteElo "1576"]
[BlackElo "1936"]

1. e4 c5 2. Nc3 Nc6 3. f4 d6 4. Nf3 g6 5. Bb5 a6 6. Bxc6+ bxc6 7. O-O Bg7 8.
b3 a5 9. Bb2 Nh6 10. Na4 Bxb2 11. Nxb2 O-O 12. Ng5 f6 13. Nf3 d5 14. d3 Bg4
15. h3 Bxf3 16. Rxf3 Nf7 17. f5 Ne5 18. Rg3 dxe4 19. dxe4 Qd4+ 20. Qxd4 cxd4
21. fxg6 hxg6 22. Nd3 Nxd3 23. cxd3 Kf7 24. Rc1 Ra6 25. Rc4 e5 26. Rf3 Rb8 27.
Rf1 Ke6 28. Rfc1 Kd6 29. Rf1 Rf8 30. Ra4 f5 31. b4 Raa8 32. exf5 gxf5 33. Rxa5
Rxa5 34. bxa5 f4 35. g4 Ra8 36. Kh1 Rxa5 37. Rg1 e4 38. g5 Ke7 39. dxe4 Rxa2
40. g6 Kf8 41. Rf1 Kg7 42. Rxf4 c5 43. e5 d3 44. e6 Re2 {#R} 0-1

[Event "Idaho Closed"]
[Site "Boise, ID"]
[Date "2007.02.17"]
[Round "2.6"]
[White "Flynn, Patrick M"]
[Black "Nahlen, John P"]
[Result "1-0"]
[WhiteElo "1853"]
[BlackElo "1388"]

1. e4 e5 2. Nf3 Nc6 3. d4 exd4 4. Bc4 h6 5. O-O Bc5 6. Nbd2 d6 7. Nb3 Bg4 8.
Bb5 Nge7 9. Nbxd4 Bxd4 10. Qxd4 O-O 11. Qc3 d5 12. Bxc6 Nxc6 13. exd5 Qxd5 14.
Bf4 Bxf3 15. Qxf3 Qxf3 16. gxf3 Nd4 17. Bxc7 Nxf3+ 18. Kg2 Nd4 19. Rfd1 Rac8
20. Rxd4 Rxc7 21. c3 Re8 22. Rad1 Kf8 23. Rd7 Re7 24. Rxc7 Rxc7 25. Rd4 Rc6
26. Rd7 Rb6 27. b4 Ke8 28. Rc7 a6 29. a4 g6 30. h4 f5 31. Kg3 Kd8 32. Rc4 Kd7
33. f4 Rd6 34. h5 g5 35. fxg5 hxg5 36. Rd4 Rxd4 37. cxd4 Ke7 38. d5 Kd6 39. h6
Kxd5 40. h7 Kc4 41. h8=Q Kxb4 42. Qd4+ Ka5 43. Kf3 g4+ 44. Kf4 b5 45. axb5
axb5 46. Kxf5 b4 47. Kxg4 Ka4 48. Qb2 b3 49. Kf4 Kb4 50. Ke4 Kc4 51. Qd4+ Kb5
52. Kd5 Ka6 53. Qb4 b2 54. Kc6 Ka7 55. Qb7# 1-0

[Event "Idaho Closed"]
[Site "Boise, ID"]
[Date "2007.02.18"]
[Round "3.1"]
[White "Parsons, Larry R"]
[Black "Flynn, Patrick M"]
[Result "0-1"]
[WhiteElo "2081"]
[BlackElo "1853"]

1. c4 Nf6 2. g3 e6 3. Nf3 d5 4. b3 c5 5. Bg2 Nc6 6. O-O Be7 7. Bb2 d4 8. d3
O-O 9. e3 e5 10. exd4 exd4 11. Re1 Bg4 12. h3 Bh5 13. g4 Bg6 14. Nh4 Bd6 15.
Nxg6 fxg6 16. Nd2 Qc7 17. Nf1 Rae8 18. Rxe8 Rxe8 19. Bc1 Qe7 20. Bg5 h6 21.
Bh4 g5 22. Bg3 Bf4 23. a3 Ne5 24. Ra2 Ng6 25. Qf3 b6 26. Qd1 Bxg3 27. Nxg3
Qe1+ 28. Qxe1 Rxe1+ 29. Kh2 Nf4 30. Rd2 Rb1 31. b4 Rb3 32. bxc5 bxc5 33. Be4
Rxa3 34. Rb2 Nxe4 35. dxe4 Rc3 36. Ra2 d3 37. Nf5 Rc2 38. Rxa7 Rxf2+ 39. Kh1
Rf1+ 40. Kh2 d2 41. Ne3 d1=Q 42. Nxd1 Rxd1 43. Rc7 Rd4 44. Rxc5 Rxe4 45. h4
gxh4 46. g5 hxg5 47. Rxg5 Rxc4 48. Rg4 Rc2+ 49. Kh1 Nd3 50. Rxh4 Kf7 51. Kg1
Kf6 52. Rh8 g5 53. Ra8 Nf4 54. Rf8+ Kg6 55. Kf1 Kh5 56. Kg1 Kh4 57. Rg8 g4 58.
Ra8 g3 59. Ra1 Rc1+ {#R} 0-1

[Event "Idaho Closed"]
[Site "Boise, ID"]
[Date "2007.02.18"]
[Round "3.3"]
[White "Morrow, Hans M"]
[Black "Powers, Bobby C"]
[Result "1-0"]
[WhiteElo "1936"]
[BlackElo "1716"]

1. e4 e5 2. Nf3 Nc6 3. Bb5 a6 4. Ba4 Nf6 5. O-O b5 6. Bb3 d6 7. Re1 Bg4 8. h3
Bh5 9. c3 Be7 10. d4 exd4 11. cxd4 Bxf3 12. gxf3 Na5 13. Nc3 Nxb3 14. Qxb3 Nd7
15. Ne2 Bg5 16. f4 Bh6 17. Qf3 O-O 18. Kh2 g6 19. Ng3 Bg7 20. Be3 c5 21. Rad1
Qe7 22. dxc5 dxc5 23. e5 Rfc8 24. Kg2 Nb6 25. b4 Na4 26. bxc5 Nxc5 27. Rd5 Na4
28. Ne4 Qe6 29. Red1 b4 30. R1d2 h6 31. Rd6 Qc4 32. R6d4 Qc6 33. Rxb4 Bf8 34.
Nf6+ Qxf6 35. exf6 Bxb4 36. Rd7 Rab8 37. f5 Nc5 38. Rd5 h5 39. fxg6 fxg6 40.
f7+ Kh7 41. Bxc5 Rxc5 42. f8=Q Rxf8 43. Qxf8 Rxd5 44. Qxb4 Kh6 45. Qc4 Ra5 46.
a4 Kg5 47. h4+ Kh6 48. Qg8 g5 49. Qe6+ Kg7 50. Qc6 {#r} 1-0

[Event "Idaho Closed"]
[Site "Boise, ID"]
[Date "2007.02.18"]
[Round "3.7"]
[White "Mabry, William B"]
[Black "Buckendorf Jr., Glen"]
[Result "0-1"]
[WhiteElo "1320"]
[BlackElo "1800"]

1. Nf3 c5 2. c4 g6 3. g3 Bg7 4. Bg2 Nc6 5. O-O d6 6. d3 Nf6 7. Nc3 O-O 8. Re1
e6 9. a3 Bd7 10. Rb1 Ne8 11. e4 Nc7 12. Be3 Nd4 13. Ne2 e5 14. Nc3 f5 15. Bg5
Bf6 16. Bxf6 Qxf6 17. Nxd4 cxd4 18. Ne2 fxe4 19. Bxe4 Qxf2+ 20. Kh1 Bg4 21.
Bxb7 Bf3+ 22. Bxf3 Qxf3+ 23. Kg1 Qf2+ 24. Kh1 Qf3+ 25. Kg1 Rf5 26. Qd2 Raf8
27. Rf1 Qh5 28. Rxf5 Rxf5 29. Kg2 Ne6 30. Qe1 Qf3+ 31. Kg1 Ng5 32. Qf1 Qe3+
{#R} 0-1